00579nam a22001697a 45000050016000000100013000160200025000290350013000540370024000670820006000911000025000972450082001222600030002042700115002343000024003494900036003732012010303153.0 aB-444637 a9788179639818c55.00 aB-444637 bBlue Berry/VenaDPL aS aDoyle, Arthur Conan  aThe memoirs of sherlock holmes :cby Arthur Conan Doyle bthe gloria scott / aMumbaibShree Book Centre a8 Kakod Industrial Estate-5. Keer Road(Off.L.J.Road) Matunga WestbMumbaie400016msales @shreebookcentre.com aunpaged.c27cm(pbk) aThe illustrated sherlock holmes